Alle 26 Schweizer Kantone - Statistiken

Allgemein
  • Dieses Quiz wurde 195 mal gespielt
  • Das Durchschnittsergebnis liegt bei 19 aus 26
Antwortstatistiken
Hauptstadt Kanton % Korrekt
Z....h Zürich
94%
B..n Bern
92%
G..f Genf
91%
Aarau Aargau
89%
St. G....n St. Gallen
89%
Z.g Zug
88%
Chur Graubünden
80%
L....n Luzern
78%
Altdorf Uri
77%
F......g Freiburg
76%
B...l Basel - Stadt
73%
S....z (Freienbach) Schwyz
73%
Bellinzona (Lugano) Tessin
73%
Herisau, Trogen Appenzell Ausserrhoden
71%
A.......l Appenzell Innerrhoden
71%
Sitten Wallis
71%
Frauenfeld Thurgau
66%
N.......g Neuenburg
62%
Lausanne Waadt
62%
Stans Nidwalden
61%
G...s Glarus
60%
Delsberg Jura
60%
Sarnen Obwalden
60%
S.......n (Olten) Solothurn
59%
S...........n Schaffhausen
57%
Liestal (Allschwil) Basel - Landschaft
45%
Keine übereinstimmenden Quizze gefunden
Verteilung der Resultate
Anzahl Personen mit jedem Resultat
Perzentil nach korrekt beantworteten Fragen
Ihre Resultats-Entwicklung
Sie haben dieses Quiz noch nicht gespielt